5HLuxD.jpg

KING HENRY VIII SENIOR AND PRIMARY SCHOOL LIBRARY OPAC

The Animal Book / (Record no. 1641)

000 -LEADER
fixed length control field 00685nam a2200241zi 4500
001 - CONTROL NUMBER
control field 021804862
003 - CONTROL NUMBER IDENTIFIER
control field UkOxU
005 - DATE AND TIME OF LATEST TRANSACTION
control field 20230116175625.0
007 - PHYSICAL DESCRIPTION FIXED FIELD--GENERAL INFORMATION
fixed length control field ta
008 - FIXED-LENGTH DATA ELEMENTS--GENERAL INFORMATION
fixed length control field 190510e201908uuxxk j |||||||0|0 eng|d
020 ## - INTERNATIONAL STANDARD BOOK NUMBER
International Standard Book Number 9781789890228 (hbk.) :
035 ## - SYSTEM CONTROL NUMBER
System control number (UK-WkNB)9781789890228
035 ## - SYSTEM CONTROL NUMBER
System control number (StEdALDL)1/3839915
040 ## - CATALOGING SOURCE
Original cataloging agency UK-WkNB
Language of cataloging eng
Description conventions rda
Transcribing agency UK-WkNB
049 ## - LOCAL HOLDINGS (OCLC)
Holding library CROBAR
082 ## - DEWEY DECIMAL CLASSIFICATION NUMBER
Classification number 590 DEL
100 1# - MAIN ENTRY--PERSONAL NAME
Personal name De la Bédoyère, Camilla,
Relator term author.
245 14 - TITLE STATEMENT
Title The Animal Book /
Statement of responsibility, etc. Camilla de la Bedoyere.
264 #0 - PRODUCTION, PUBLICATION, DISTRIBUTION, MANUFACTURE, AND COPYRIGHT NOTICE
Place of production, publication, distribution, manufacture Thaxted :
Name of producer, publisher, distributor, manufacturer Miles Kelly Publishing Ltd,
Date of production, publication, distribution, manufacture, or copyright notice 2019.
366 ## - TRADE AVAILABILITY INFORMATION
Detailed date of publication 20190815
Availability status code IP 20190816
Expected next availability date 20190808
ISO country code GB
MARC country code xxk
Source of availability status code UK-WkNB
500 ## - GENERAL NOTE
General note Hardback.
942 ## - ADDED ENTRY ELEMENTS (KOHA)
Source of classification or shelving scheme
Koha item type Books - Non Ficton
Holdings
Withdrawn status Lost status Source of classification or shelving scheme Damaged status Not for loan Collection code Permanent Location Current Location Shelving location Date acquired Total Checkouts Full call number Barcode Date last seen Date last checked out Price effective from Koha item type
          Non-Fiction KH8 Primary School Library KH8 Primary School Library Non Fiction 2023-01-16 7 590 DEL KHPL000003400 2025-12-05 2023-06-14 2023-01-16 Books - Non Ficton
          Non-Fiction KH8 Primary School Library KH8 Primary School Library Non Fiction 2023-01-16 33 590 DEL KHPL000004214 2025-12-05 2025-06-03 2023-01-16 Books - Non Ficton

Powered By KH8 IT Dept